000 00444nam a2200169Ia 4500
008 230711s9999||||xx |||||||||||||| ||und||
041 _aENG
082 _a720
_bHA-T
100 _aHarris,Charles W
245 0 _aTime-saver standards for landscape Architecture
250 _a1st . Ed.
260 _c1994
_aNew Delhi
_bTata McGraw Hill Education Limited
300 _a961
650 _aArchitecture
700 _aDines,Nicholas T
942 _cBK
999 _c2323
_d2323